Normal view
MARC view
Entry Personal Name
001 - CONTROL NUMBER
- control field: 72600
003 - CONTROL NUMBER IDENTIFIER
- control field: dpl
005 - DATE AND TIME OF LATEST TRANSACTION
- control field: 20241010155216.0
008 - FIXED-LENGTH DATA ELEMENTS
- fixed length control field: 241010|| aca||aabn | a|a d
040 ## - CATALOGING SOURCE
- Original cataloging agency: dpl
- Transcribing agency: dpl
100 ## - HEADING--PERSONAL NAME
- Personal name: BANGIA HARSHUL
670 ## - SOURCE DATA FOUND
- Source citation: Work cat.: (dpl)206270: BANGIA HARSHUL, CENTRAL GOVERNMENT ACCOUNT RECEIPTS AND PAYMENTS RULES,2022/, 2022
